000 00597cam a22002053a 4500
001 41104
003 PGUSA
005 20140828083927.0
008 121018s2012||||xxu|||||s|||||000 | eng d
040 _aPGUSA
_beng
042 _adc
100 1 _aFraser, John Foster
245 1 4 _aThe Amazing Argentine :
_bA New Land of Enterprise
_h[electronic resource] /
_cJohn Foster Fraser
260 _bProject Gutenberg,
_c2012
506 _aPublic domain in the USA.
516 _aElectronic text
830 0 _aProject Gutenberg
_v41104
856 4 0 _uhttp://www.gutenberg.org/ebooks/41104
942 _cEB
999 _c270356
_d270356